| 000 | 00629nam a2200169 4500 | ||
|---|---|---|---|
| 008 | 050503s1984 miu 000 0aeng | ||
| 020 | _a0801077311 | ||
| 090 |
_aRC552.B84 _bR79 |
||
| 100 | 1 | _aRowland, Cynthia Joye. | |
| 245 | 1 | 4 |
_aThe monster within : _bovercoming bulimia / _cCynthia Joye Rowland, with Paul Meier ... [et al.]. |
| 260 |
_aGrand Rapids, Mich. : _bBaker Book House, _cc1984. |
||
| 300 |
_a184 p. ; _c23 cm. |
||
| 600 | 1 | 4 | _aMcClure, Cynthia Rowland. |
| 650 | 4 |
_aBulimia _xPatients _zUnited States _xBiography. |
|
| 700 | 1 | _aMeier, Paul D. | |
| 951 |
_p28322 _x00030756 _oRC552.B84/R79 _j070613111447984 _d2000-12-21 _cGC |
||
| 999 |
_c22955 _d22955 |
||